000 00603nam a2200193 a 4500
001 000032934
005 20240412074256.0
008 090928t1939 dr 001 p spa d
040 _aDO-SdBNP
_bspa
_cBNPHU
082 _aRD861.42
_bG993s
100 1 _aGuzmán Carretero, Octavio
_923823
245 1 0 _aSolazo /
_cOctavio Guzmán Carretero.
260 _aSantiago de los Caballeros, República Dominicana :
_bEl Diario,
_c1939.
300 _a85 p. ;
_c18 cm.
650 0 _aPoesía dominicana
_966
650 0 _aLiteratura dominicana.
_967
910 _aValidado. Control de calidad EMS.
049 _aBNPD
999 _c32425
_d32425